Techniques of Sitar: (Record no. 153103)
[ view plain ]
| 000 -LEADER | |
|---|---|
| fixed length control field | 00615nam a22001817a 4500 |
| 005 - DATE AND TIME OF LATEST TRANSACTION | |
| control field | 20180626131240.0 |
| 008 - FIXED-LENGTH DATA ELEMENTS--GENERAL INFORMATION | |
| fixed length control field | 180626b xxu||||| |||| 00| 0 eng d |
| 010 ## - LCCN (DPL NO) | |
| LC control number | A-722152 |
| 020 ## - INTERNATIONAL STANDARD BOOK NUMBER | |
| International Standard Book Number | 8170184622 |
| Terms of availability | 0.00 |
| 035 ## - SYSTEM CONTROL NUMBER | |
| System control number | A-722152 |
| 082 ## - DEWEY DECIMAL CLASSIFICATION NUMBER | |
| Classification number | 787.82 |
| 100 ## - MAIN ENTRY--PERSONAL NAME | |
| Personal name | Bandyyopadhyaya,S. |
| 245 ## - TITLE STATEMENT | |
| Title | Techniques of Sitar: |
| Statement of responsibility, etc | by S. Bandyopadhyaya |
| Remainder of title | the prince among all musical instruments of India/ |
| 260 ## - PUBLICATION, DISTRIBUTION, ETC. (IMPRINT) | |
| Place of publication, distribution, etc | Delhi |
| Name of publisher, distributor, etc | B.R. Publishing coorporation |
| Date of publication, distribution, etc | 1988 |
| 270 ## - ADDRESS | |
| Address | 29/9, Shakti Nagar, Nangia Park |
| City | New Delhi |
| Postal code | 110007 |
| 300 ## - PHYSICAL DESCRIPTION | |
| Extent | 418p; |
| Other physical details | ill. |
| Dimensions | 25 cm (HB) |
| 942 ## - ADDED ENTRY ELEMENTS (KOHA) | |
| Source of classification or shelving scheme | Dewey Decimal Classification |
| Item type | English Books |
| Call number suffix | BAM |
| Classification part | 787.82 |
| Withdrawn status | Lost status | Source of classification or shelving scheme | Damaged status | Not for loan | Collection code | Home library | Current library | Date acquired | Source of acquisition | Cost, normal purchase price | Total Checkouts | Full call number | Barcode | Date last seen | Cost, replacement price | Koha item type |
|---|---|---|---|---|---|---|---|---|---|---|---|---|---|---|---|---|
| Dewey Decimal Classification | Non-fiction | Shahdara Branch | Shahdara Branch | 26/06/2018 | BPPD/PUB | 0.00 | 787.82 BAM | A-722152 | 26/06/2018 | 0.00 | English Books |
